Česko-polský technický slovník
Salvato in:
| Natura: | Libro |
|---|---|
| Lingua: | ceco polacco |
| Pubblicazione: |
Praha :
SNTL,
1975
|
| Edizione: | 2.opr.a dopl.vyd. |
| Tags: |
Nessun Tag, puoi essere il primo ad aggiungerne!!
|
MARC
| LEADER | 00000nam a22000003a 4500 | ||
|---|---|---|---|
| 001 | stu147481 | ||
| 005 | 20150408182433.0 | ||
| 008 | 071023s1975----cs------------------cze-d | ||
| 040 | |a STU |b slo | ||
| 041 | 0 | |a cze |a pol | |
| 044 | |a cs | ||
| 080 | |a 62(038)=850=84 | ||
| 245 | |a Česko-polský technický slovník | ||
| 250 | |a 2.opr.a dopl.vyd. | ||
| 260 | |a Praha : |b SNTL, |c 1975 | ||
| 300 | |a 492 s | ||
| 996 | |b 284V028848 |c V*18713/E-1080 |l VVT |s A |a 24 |w stu147481_0001 | ||